000 01393cad a22002175a 4500
001 L156412
008 120518s2012 xxk 000 0 eng d
035 _a(Sirsi) u156412
041 0 _aeng
110 2 _aDTZ
245 0 0 _aInvestment market update UK
_h[electronic resource]
260 _aLondon
_bDTZ
_c2012
490 0 _aDTZ Investment Market Update UK
_vQ1 2012 15 May 2012
520 _aUK commercial property transactions were maintained at £7.5bn in Q1 2012, less than 1% down on the previous quarter. Greater London remains the biggest driver of transactions with its Q1 volume increasing to £4.7bn, taking it to a 62% share of the whole, off-setting the declines in most of the other UK regions. Private property vehicles continued to dominate activity. Office share of total investments rose to 53% in Q1, the fifth successive rise, largely at the expense of retail. Secondary values are expected to soften in 2012 and this will be reflected in pricing.
520 _aExecutive summary - Economic context - UK investment volume - Source of capital - Investor type - Property type - Outlook- Significant deals and key figures.
590 _aNTK KA
651 4 _aUnited Kingdom
690 _aCommercial property
_96227
856 4 0 _uhttps://www.dtz.com/Global/Research/Investment+Market+Update+UK+Q1+2012
_zView the report after free registration at www.dtz.com
942 _n0
999 _c83999
_d83999